| 000 | 00563nam a2200205Ia 4500 | ||
|---|---|---|---|
| 008 | 170203s9999 xx 000 0 und d | ||
| 020 | _a9780439830850 | ||
| 050 | _a780 | ||
| 050 | _b.O12i 2005 | ||
| 100 | _aO' Brien, Eileen. | ||
| 245 | _aIntroduction to Music / | ||
| 245 | _cEileen O' Brien, desiged by Melissa Alaverdy and Laura Fearn ; edited by Jane Chisholm | ||
| 260 | _aNew York : | ||
| 260 | _bScholastic Inc, | ||
| 260 | _c2005 | ||
| 300 | _a96 pages : | ||
| 300 | _c28 cm. | ||
| 440 | _aThe Usborne Internet- Linked | ||
| 650 | _aMusic. | ||
| 999 |
_c305485 _d305485 |
||